Gaming Quiz

Random Gaming or Video Games Quiz
Score 0/20 Timer 08:00
0 Plays Today
Question Answer Wrong Answers
Mortal Kombat
65%
Donkey Kong Country
7.5%
Chrono Trigger
10%
Rayman
5%
Guitar Hero
55%
Mass Effect
7.5%
Portal
12.5%
Just Cause
7.5%
Where in the World is Carmen Sandiego?
52.5%
Legend of Zelda: Link's Awakening
5%
Sonic the Hedgehog
22.5%
F-Zero
5%
BioShock
50%
Fallout 3
7.5%
Dead Space
10%
Call of Duty: Modern Warfare 2
15%
Sonic Adventure
47.5%
Animal Crossing
20%
Super Mario Sunshine
0%
Timesplitters
15%
Journey
47.5%
Grand Theft Auto V
15%
The Legend of Zelda: A Link Between Worlds
17.5%
Destiny
0%
The Elder Scrolls IV: Oblivion
47.5%
Rock Band
22.5%
Halo 3
10%
Demon's Souls
5%
Metal Gear
45%
Super Mario World
12.5%
Golden Axe
22.5%
Mega Man 3
2.5%
Sid Meier's Civilization
45%
Super Metroid
10%
Star Fox
22.5%
Final Fantasy VI
7.5%
Team Fortress 2
40%
Wii Fit
17.5%
Super Smash Bros. Brawl
5%
De Blob
17.5%
Saints Row
37.5%
Halo 3
10%
Mario & Sonic at the Olympic Games
17.5%
Professor Layton & the Curious Village
20%
Assassin's Creed
37.5%
Halo: Reach
7.5%
LittleBigPlanet
25%
Mirror's Edge
15%
Katamari Damacy
35%
Bully
17.5%
Gears of War
17.5%
Dead Rising
12.5%
Duck Hunt
32.5%
Super Mario Bros.
37.5%
Kid Icarus
12.5%
Kirby's Adventure
5%
The Witcher 3: Wild Hunt
32.5%
Fallout 4
17.5%
Uncharted 4: A Thief's End
10%
Overwatch
22.5%
Batman: Arkham Asylum
30%
Red Dead Redemption
22.5%
Elder Scrolls V: Skyrim
10%
Legend of Zelda: Skyward Sword
22.5%
Tekken
30%
Super Mario 64
15%
Diablo
17.5%
Pokémon Yellow
20%
Legend of Zelda: Majora's Mask
25%
Paper Mario
35%
Silent Hill 2
10%
Kingdom Hearts
15%
Super Mario Galaxy
17.5%
Left 4 Dead
30%
Borderlands
10%
Just Dance
27.5%
Super Smash Bros.
12.5%
Bejeweled
27.5%
Medal of Honor
10%
The Sims
37.5%

You're not logged in!

Compare scores with friends on all Sporcle quizzes.
OR
Log In

Sporcle TV

Today on Sporcle TV


Watch our educational content, quiz creation guides, and fun videos on Sporcle TV.

Show Comments

Extras

Top Quizzes Today


Score Distribution

Paid Content

Your Account Isn't Verified!

In order to create a playlist on Sporcle, you need to verify the email address you used during registration. Go to your Sporcle Settings to finish the process.

Report this User

Report this user for behavior that violates our Community Guidelines.

Details: